Steps to spoken english: a graded course for spanish-speaking students

保存先:
書誌詳細
団体著者: British Council (著者)
フォーマット: 図書
言語:英語
出版事項: Londres Longman 1970
版:1a. ed
主題:
タグ: タグ追加
タグなし, このレコードへの初めてのタグを付けませんか!

MARC

LEADER 00000nam a2200000 a 4500
001 UCK5483
003 CL-VaPUC
008 050805e19700000UK |||||||||||||||||eng|d
020 |a 0582520711 
082 0 4 |a 428  |b BRI  |2 21 
110 2 |a British Council  |e author  |9 494265 
245 1 0 |a Steps to spoken english: a graded course for spanish-speaking students 
250 |a 1a. ed 
300 |a v 
942 |c BK 
945 |d 20050805 00:00:00  |a cmena 
260 |a Londres  |b Longman  |c 1970 
650 0 |a Inglés  |9 260023 
650 0 |a Ejercicios   |9 269807 
650 0 |a Enseñanza de idiomas  |9 339820 
583 |a last modification  |c 20180102 06:23:22  |k Rodrigo Vera 
999 |c 313993  |d 313991 
952 |0 0  |1 0  |4 0  |6 428_000000000000000_BRI_1970  |7 0  |8 A  |9 385854  |a BIBEDU  |b BIBEDU  |d 2019-11-22  |h v.4  |i 4067886  |o 428 BRI 1970  |p 4067886  |r 2019-11-22  |w 2019-11-22  |y BK  |k LIT